| 000 | 01411nam a22003017a 4500 | ||
|---|---|---|---|
| 005 | 20180605111438.0 | ||
| 008 | 090513t xxu||||| |||| 00| 0 hin d | ||
| 010 | _aHIN-86456 | ||
| 020 |
_a9788171381784 _c200.00 |
||
| 035 | _aHN-58802 | ||
| 035 | _aB-352324-332 | ||
| 037 | _bDBAD / PUB | ||
| 037 | _bसामयिक प्रकाशन | ||
| 040 |
_adpl _bhn |
||
| 082 | _a808.86 | ||
| 100 | _aसिन्हा, मृदुला | ||
| 245 |
_aबिटिया है विशेष / _cमृदुला सिन्हा |
||
| 246 |
_aBitia Hai Vishesh _bby Mridula Sinha |
||
| 260 |
_aनई दिल्ली _bसामयिक प्रकाशन _c2009 |
||
| 270 |
_a3320-21, जटवाड़ा, नेताजी सुभाष मार्ग दरियागंज, _bनई दिल्ली _e110002 _k011-23282733, 09868934715, 09811607086 _l23270715 _msamayikprakashan@rediffmail.com |
||
| 300 |
_a144 पृ. _c22सेमी (सजिल्द) |
||
| 600 |
_aसिन्हा, मृदुला _yपत्राचार |
||
| 600 |
_aSinha, Mridula _yCorrespondence |
||
| 650 | _aपुत्री | ||
| 650 | _aDaughter | ||
| 942 |
_2ddc _cHN _mसिन्हामृ _h808.86 |
||
| 999 |
_c26318 _d26318 |
||